[Event "Berlin-ch QT"]
[Site "Berlin"]
[Date "2018.04.05"]
[Round "6"]
[White "Buttkus, Andree"]
[Black "Bluhm, Robert"]
[Result "1-0"]
[WhiteElo "2028"]
[BlackElo "1831"]
[PlyCount "69"]
[EventDate "2018.03.31"]
[EventType "swiss"]
[EventRounds "9"]
[EventCountry "GER"]
[SourceTitle "EXT 2020"]
[Source "ChessBase"]
[SourceDate "2019.10.17"]
[SourceVersion "1"]
[SourceVersionDate "2019.10.17"]
[SourceQuality "1"]

1. e4 b6 2. d4 Bb7 3. Nc3 e6 4. Nf3 Bb4 5. Bd3 Nf6 6. Qe2 d5 7. exd5 Nxd5 8. Bd2 Nd7 9. 0-0 Nxc3 10. bxc3 Be7 11. c4 0-0 12. c3 Bf6 13. Bf4 Re8 14. Rad1 Rc8 15. Ne5 Nf8 16. Bc2 Ng6 17. Bg3 Qe7 18. Ba4 Red8 19. Nc6 Bxc6 20. Bxc6 Bh4 21. Bb7 Rb8 22. Be4 Bxg3 23. fxg3 c5 24. Bxg6 hxg6 25. d5 e5 26. g4 f6 27. Qe4 Kh7 28. Rd3 Qe8 29. Re3 b5 30. cxb5 Rxb5 31. g5 Rd6 32. Qh4+ Kg8 33. gxf6 gxf6 34. Rh3 f5 35. Qh8+ 1-0

[Event "Berlin-ch QT"]
[Site "Berlin"]
[Date "2016.04.02"]
[Round "8"]
[White "Gros, Dirk"]
[Black "Bluhm, Robert"]
[Result "1/2-1/2"]
[WhiteElo "2064"]
[BlackElo "1821"]
[PlyCount "105"]
[EventDate "2016.03.26"]
[EventType "swiss"]
[EventRounds "9"]
[EventCountry "GER"]
[SourceTitle "EXT 2022"]
[Source "ChessBase"]
[SourceDate "2021.10.06"]
[SourceVersion "1"]
[SourceVersionDate "2021.10.06"]
[SourceQuality "1"]

1. d4 Nf6 2. c4 e6 3. Nc3 b6 4. Nf3 Bb7 5. Bg5 Bb4 6. Qc2 0-0 7. a3 Bxc3+ 8. Qxc3 d6 9. e3 h6 10. Bh4 Nbd7 11. Be2 a5 12. 0-0 g5 13. Bg3 Ne4 14. Qc2 f5 15. Nd2 Ndf6 16. Bd3 Qe7 17. b4 axb4 18. axb4 Nxd2 19. Qxd2 Nh5 20. Be2 Nf6 21. Qc2 Ne4 22. Bd3 Nf6 23. f3 g4 24. e4 gxf3 25. gxf3 Nh5 26. Kh1 Nxg3+ 27. hxg3 f4 28. Rxa8 Rxa8 29. Rg1 Kh8 30. gxf4 Rg8 31. Qh2 Rxg1+ 32. Kxg1 Qg7+ 33. Kh1 Qxd4 34. Qxh6+ Kg8 35. Qxe6+ Kh8 36. Qh6+ Kg8 37. Qg6+ Kf8 38. Bf1 Qf2 39. Qh6+ Kg8 40. Qg5+ Kf8 41. Qd8+ Kg7 42. Qxc7+ Kg6 43. Qxd6+ Kh7 44. Qd7+ Kg6 45. Qg4+ Kf7 46. Qh3 Qe1 47. Kh2 Qd2+ 48. Bg2 Qxf4+ 49. Kh1 Qc1+ 50. Bf1 Bc8 51. Qh2 Qxf1+ 52. Qg1 Qxf3+ 53. Qg2 1/2-1/2

[Event "Berlin-ch Seniors op 32nd"]
[Site "Berlin"]
[Date "2016.02.03"]
[Round "8"]
[White "Koeckeritz, Dieter"]
[Black "Bluhm, Robert"]
[Result "0-1"]
[WhiteElo "1676"]
[BlackElo "1785"]
[PlyCount "64"]
[EventDate "2016.01.26"]
[EventType "swiss"]
[EventRounds "9"]
[EventCountry "GER"]
[SourceTitle "EXT 2019"]
[Source "ChessBase"]
[SourceDate "2018.10.10"]
[SourceVersion "1"]
[SourceVersionDate "2018.10.10"]
[SourceQuality "1"]

1. e4 e5 2. Nf3 Nc6 3. Bc4 Be7 4. c3 Nf6 5. d3 0-0 6. Nbd2 d6 7. h3 Na5 8. Bb5 a6 9. Ba4 b5 10. Bc2 c5 11. Qe2 Nc6 12. Nf1 h6 13. Ng3 Nh7 14. Be3 Bg5 15. Nxg5 hxg5 16. Rd1 g6 17. b3 f5 18. exf5 gxf5 19. Bc1 Qe8 20. 0-0 d5 21. Qd2 f4 22. Nh1 d4 23. f3 Nf6 24. Nf2 Nd5 25. Ne4 Qe7 26. Qe1 Ne3 27. Bxe3 dxe3 28. Qe2 b4 29. d4 exd4 30. Qd3 Ne5 31. Nf6+ Rxf6 32. Qe4 Bb7 0-1

[Event "Berlin-ch Seniors op 32nd"]
[Site "Berlin"]
[Date "2016.01.30"]
[Round "5"]
[White "Weber, Viktor"]
[Black "Bluhm, Robert"]
[Result "0-1"]
[WhiteElo "1615"]
[BlackElo "1785"]
[PlyCount "64"]
[EventDate "2016.01.26"]
[EventType "swiss"]
[EventRounds "9"]
[EventCountry "GER"]
[SourceTitle "EXT 2019"]
[Source "ChessBase"]
[SourceDate "2018.10.10"]
[SourceVersion "1"]
[SourceVersionDate "2018.10.10"]
[SourceQuality "1"]

1. d4 d5 2. c4 e6 3. cxd5 exd5 4. Nc3 Nf6 5. Nf3 c6 6. Bg5 Be7 7. e3 Bf5 8. h3 Nbd7 9. Be2 0-0 10. a3 Ne4 11. Nxe4 dxe4 12. Bxe7 Qxe7 13. Nd2 Nb6 14. Bg4 Bg6 15. 0-0 f5 16. Be2 f4 17. exf4 Rxf4 18. Nc4 Nd5 19. Ne3 Raf8 20. Bc4 Bf7 21. Qb3 Qd7 22. Rac1 Kh8 23. Nxd5 Bxd5 24. Bxd5 cxd5 25. Qe3 h6 26. Rc2 Rf3 27. gxf3 Rxf3 28. Qe2 Qxh3 29. Rc3 Qg4+ 30. Kh2 Rh3+ 31. Rxh3 Qxe2 32. Kg2 Qxb2 0-1